Địa chí huyện Quảng Ninh Tỉnh Quảng Bình
Đã lưu trong:
| 主要作者: | |
|---|---|
| 格式: | 圖書 |
| 語言: | Vietnamese |
| 出版: |
H.
Dân Trí
2011
|
| 叢編: | ĐTTS ghi: Hội văn nghệ dân gian Việt Nam
|
| 標簽: |
添加標簽
沒有標簽, 成為第一個標記此記錄!
|
| Thư viện lưu trữ: | Mạng thư viện Đại học Đà Nẵng |
|---|
| LEADER | 00693nam a2200253 4500 | ||
|---|---|---|---|
| 001 | 000016081 | ||
| 003 | 12471 | ||
| 005 | 20120719090703.0 | ||
| 008 | 120719s2011 viesd | ||
| 041 | 0 | |a vie | |
| 082 | |a 910.59729 |b ĐO-V | ||
| 100 | 0 | |a Đỗ Duy Vinh | |
| 245 | 0 | |a Địa chí huyện Quảng Ninh |b Tỉnh Quảng Bình |c Đỗ Duy Vinh | |
| 260 | |a H. |b Dân Trí |c 2011 | ||
| 300 | |a 567 tr. |c 21 cm. | ||
| 490 | |a ĐTTS ghi: Hội văn nghệ dân gian Việt Nam | ||
| OWN | |a LSP | ||
| 999 | |a From the UDN01 | ||
| TYP | |a Monograph | ||
| TYP | |a Printed language | ||
| 980 | |a Mạng thư viện Đại học Đà Nẵng | ||